[Event "DVM U16w 2023"]
[Site "Magdeburg GER"]
[Date "2023.12.27"]
[Round "1"]
[White "Petrosyan, Ani"]
[Black "Nehrukumar, Snikitha"]
[Result "1-0"]
[Termination "normal"]
[Board "9.2"]
[WhiteElo "1493"]
[BlackElo "1019"]
[WhiteClock "01:15:20"]
[BlackClock "00:54:56"]
[WhiteTeam "TuRa Harksheide 1945 Norderstedt"]
[BlackTeam "SK Freiburg-Zähringen 1887"]
[PlyCount "65"]
[WhiteFideId "16248015"]
[BlackFideId "34660569"]
[EventCountry "GER"]
[EventRounds "7"]
[EventType "team-swiss"]
[EventDate "2023.12.26"]

1. Nf3 {[%clk 01:30:31]} {[%emt 00:00:28]} d6 {[%clk 01:29:48]} {[%emt
00:01:14]} 2. d4 {[%clk 01:30:38]} {[%emt 00:00:23]} Nf6 {[%clk 01:29:14]}
{[%emt 00:01:03]} 3. c4 {[%clk 01:30:51]} {[%emt 00:00:17]} Bd7 {[%clk
01:28:32]} {[%emt 00:01:12]} 4. Nc3 {[%clk 01:30:45]} {[%emt 00:00:36]} c6
{[%clk 01:26:54]} {[%emt 00:02:08]} 5. e4 {[%clk 01:29:51]} {[%emt 00:01:23]}
Bg4 {[%clk 01:23:49]} {[%emt 00:03:36]} 6. h3 {[%clk 01:25:51]} {[%emt
00:04:29]} Bxf3 {[%clk 01:22:08]} {[%emt 00:02:10]} 7. Qxf3 {[%clk 01:25:47]}
{[%emt 00:00:34]} e5 {[%clk 01:19:08]} {[%emt 00:03:31]} 8. d5 {[%emt
00:02:14]} cxd5 {[%clk 01:18:12]} {[%emt 00:01:22]} 9. cxd5 {[%clk 01:24:29]}
{[%emt 00:00:08]} h6 {[%clk 01:17:50]} {[%emt 00:00:52]} 10. Bb5+ {[%clk
01:23:51]} {[%emt 00:01:08]} Nbd7 {[%clk 01:17:20]} {[%emt 00:01:00]} 11. Be3
{[%clk 01:20:06]} {[%emt 00:04:15]} Be7 {[%clk 01:16:16]} {[%emt 00:01:34]} 12.
O-O {[%clk 01:18:59]} {[%emt 00:01:37]} O-O {[%clk 01:15:47]} {[%emt 00:00:58]}
13. Rac1 {[%clk 01:18:31]} {[%emt 00:00:57]} Nc5 {[%clk 01:12:38]} {[%emt
00:03:40]} 14. b4 {[%clk 01:18:01]} {[%emt 00:00:59]} Na6 {[%clk 01:12:13]}
{[%emt 00:00:57]} 15. a3 {[%clk 01:17:38]} {[%emt 00:00:53]} Nd7 {[%clk
01:10:48]} {[%emt 00:01:55]} 16. Bd3 {[%clk 01:16:49]} {[%emt 00:01:18]} Nc7
{[%clk 01:10:22]} {[%emt 00:00:56]} 17. Rc2 {[%clk 01:16:01]} {[%emt 00:01:19]}
a6 {[%clk 01:09:11]} {[%emt 00:01:40]} 18. Rfc1 {[%clk 01:15:22]} {[%emt
00:01:09]} Rc8 {[%clk 01:08:47]} {[%emt 00:00:54]} 19. Na4 {[%clk 01:15:02]}
{[%emt 00:00:50]} Re8 {[%clk 01:01:10]} {[%emt 00:08:07]} 20. Nb6 {[%clk
01:13:57]} {[%emt 00:01:35]} Nxb6 {[%clk 00:58:20]} {[%emt 00:03:20]} 21. Bxb6
{[%clk 01:14:22]} {[%emt 00:00:06]} Bg5 {[%clk 00:56:00]} {[%emt 00:02:49]} 22.
Bxc7 {[%clk 01:12:20]} {[%emt 00:02:32]} Rxc7 {[%clk 00:56:13]} {[%emt
00:00:17]} 23. Rxc7 {[%clk 01:12:43]} {[%emt 00:00:07]} Re7 {[%clk 00:54:49]}
{[%emt 00:01:54]} 24. Rc8 {[%clk 01:12:58]} {[%emt 00:00:15]} Qxc8 {[%clk
00:54:49]} {[%emt 00:00:30]} 25. Rxc8+ {[%clk 01:13:20]} {[%emt 00:00:09]} Kh7
{[%clk 00:55:14]} {[%emt 00:00:05]} 26. Qd1 {[%clk 01:13:22]} {[%emt 00:00:27]}
b5 {[%clk 00:55:05]} {[%emt 00:00:40]} 27. g3 {[%clk 01:13:32]} {[%emt
00:00:20]} Bf6 {[%clk 00:55:04]} {[%emt 00:00:31]} 28. f4 {[%clk 01:13:54]}
{[%emt 00:00:07]} exf4 {[%clk 00:55:16]} {[%emt 00:00:19]} 29. e5+ {[%clk
01:14:17]} {[%emt 00:00:06]} g6 {[%clk 00:55:08]} {[%emt 00:00:38]} 30. exf6
{[%clk 01:14:40]} {[%emt 00:00:07]} Rb7 {[%clk 00:55:02]} {[%emt 00:00:36]} 31.
Qe1 {[%clk 01:15:04]} {[%emt 00:00:13]} fxg3 {[%clk 00:54:52]} {[%emt
00:00:33]} 32. Qe8 {[%clk 01:15:28]} {[%emt 00:00:05]} a5 {[%clk 00:54:56]}
{[%emt 00:00:28]} 33. Qh8# {[%clk 01:15:20]} {[%emt 00:00:07]} 1-0

[Event "DVM U16w 2023"]
[Site "Magdeburg GER"]
[Date "2023.12.27"]
[Round "1"]
[White "Senthilkumar, Vasanthi"]
[Black "Chen, Michelle"]
[Result "0-1"]
[Termination "normal"]
[Board "9.3"]
[WhiteElo "792"]
[BlackElo "1011"]
[WhiteClock "01:31:36"]
[BlackClock "01:14:13"]
[WhiteTeam "SK Freiburg-Zähringen 1887"]
[BlackTeam "TuRa Harksheide 1945 Norderstedt"]
[PlyCount "46"]
[WhiteFideId "34682511"]
[BlackFideId "16275403"]
[EventCountry "GER"]
[EventRounds "7"]
[EventType "team-swiss"]
[EventDate "2023.12.26"]

1. e4 {[%clk 01:30:57]} {[%emt 00:00:01]} e5 {[%clk 01:30:53]} {[%emt
00:00:08]} 2. Nf3 {[%clk 01:31:20]} {[%emt 00:00:07]} Nc6 {[%clk 01:31:16]}
{[%emt 00:00:08]} 3. Bc4 {[%clk 01:31:39]} {[%emt 00:00:10]} Nf6 {[%clk
01:31:28]} {[%emt 00:00:17]} 4. Nc3 {[%clk 01:31:58]} {[%emt 00:00:12]} Bc5
{[%clk 01:31:32]} {[%emt 00:00:28]} 5. d3 {[%clk 01:32:14]} {[%emt 00:00:12]}
d6 {[%clk 01:31:26]} {[%emt 00:00:37]} 6. Bg5 {[%clk 01:32:32]} {[%emt
00:00:11]} Be6 {[%clk 01:24:35]} {[%emt 00:07:21]} 7. Bxe6 {[%clk 01:32:38]}
{[%emt 00:00:22]} fxe6 {[%clk 01:25:00]} {[%emt 00:00:07]} 8. O-O {[%clk
01:32:31]} {[%emt 00:00:37]} Qd7 {[%clk 01:22:46]} {[%emt 00:02:44]} 9. Qe2
{[%clk 01:32:36]} {[%emt 00:00:24]} O-O-O {[%clk 01:20:24]} {[%emt 00:02:53]}
10. Rad1 {[%clk 01:32:44]} {[%emt 00:00:21]} h6 {[%clk 01:18:24]} {[%emt
00:02:31]} 11. Bxf6 {[%clk 01:33:01]} {[%emt 00:00:10]} gxf6 {[%clk 01:18:45]}
{[%emt 00:00:11]} 12. Rfe1 {[%clk 01:32:29]} {[%emt 00:01:02]} Rdg8 {[%clk
01:16:51]} {[%emt 00:02:23]} 13. Na4 {[%clk 01:32:18]} {[%emt 00:00:42]} Nd4
{[%clk 01:14:26]} {[%emt 00:02:56]} 14. Nxd4 {[%clk 01:32:25]} {[%emt
00:00:23]} Bxd4 {[%clk 01:14:39]} {[%emt 00:00:19]} 15. c3 {[%clk 01:31:55]}
{[%emt 00:00:58]} Qxa4 {[%emt 00:01:02]} 16. Rb1 {[%clk 01:31:50]} {[%emt
00:00:04]} Bb6 {[%clk 01:14:19]} {[%emt 00:00:49]} 17. Qh5 {[%clk 01:31:27]}
{[%emt 00:00:54]} Qe8 {[%clk 01:13:17]} {[%emt 00:01:32]} 18. Qxe8+ {[%clk
01:31:37]} {[%emt 00:00:20]} Rxe8 {[%clk 01:13:41]} {[%emt 00:00:07]} 19. Re2
{[%clk 01:31:45]} {[%emt 00:00:21]} Rhg8 {[%clk 01:13:49]} {[%emt 00:00:24]}
20. Rc1 {[%clk 01:31:35]} {[%emt 00:00:39]} Rg7 {[%clk 01:14:00]} {[%emt
00:00:20]} 21. c4 {[%clk 01:31:21]} {[%emt 00:00:42]} Reg8 {[%clk 01:13:54]}
{[%emt 00:00:36]} 22. Rc3 {[%clk 01:31:30]} {[%emt 00:00:20]} Rxg2+ {[%clk
01:14:13]} {[%emt 00:00:12]} 23. Kf1 {[%clk 01:31:36]} {[%emt 00:00:24]} Rg1#
{[%emt 00:00:09]} 0-1

[Event "DVM U16w 2023"]
[Site "Magdeburg GER"]
[Date "2023.12.27"]
[Round "1"]
[White "Striebeck, Liv"]
[Black "Shrikrishna, Aradhana"]
[Result "1-0"]
[Termination "normal"]
[Board "9.4"]
[WhiteElo "1175"]
[BlackElo "742"]
[WhiteClock "01:09:49"]
[BlackClock "01:29:08"]
[WhiteTeam "TuRa Harksheide 1945 Norderstedt"]
[BlackTeam "SK Freiburg-Zähringen 1887"]
[PlyCount "75"]
[WhiteFideId "16275438"]
[BlackFideId "34682520"]
[EventCountry "GER"]
[EventRounds "7"]
[EventType "team-swiss"]
[EventDate "2023.12.26"]

1. e4 {[%clk 01:30:57]} {[%emt 00:00:03]} e5 {[%clk 01:30:57]} {[%emt
00:00:02]} 2. Nf3 {[%clk 01:31:19]} {[%emt 00:00:09]} Nc6 {[%emt 00:00:50]} 3.
Nc3 {[%emt 00:00:23]} Bc5 {[%clk 01:29:50]} {[%emt 00:00:22]} 4. Bc4 {[%clk
01:30:48]} {[%emt 00:01:03]} Nf6 {[%clk 01:29:45]} {[%emt 00:00:23]} 5. d3
{[%clk 01:31:10]} {[%emt 00:00:20]} O-O {[%clk 01:29:35]} {[%emt 00:00:31]} 6.
Be3 {[%clk 01:31:03]} {[%emt 00:00:46]} d6 {[%clk 01:29:41]} {[%emt 00:00:22]}
7. O-O {[%clk 01:30:32]} {[%emt 00:01:02]} Bxe3 {[%clk 01:29:31]} {[%emt
00:00:41]} 8. fxe3 {[%clk 01:30:54]} {[%emt 00:00:07]} Bg4 {[%clk 01:29:23]}
{[%emt 00:00:37]} 9. h3 {[%clk 01:31:14]} {[%emt 00:00:12]} Bd7 {[%clk
01:29:35]} {[%emt 00:00:16]} 10. Qe1 {[%clk 01:30:00]} {[%emt 00:01:46]} Re8
{[%clk 01:29:43]} {[%emt 00:00:20]} 11. Qh4 {[%clk 01:29:13]} {[%emt 00:01:19]}
Rc8 {[%clk 01:29:26]} {[%emt 00:00:46]} 12. Nd5 {[%clk 01:26:21]} {[%emt
00:03:22]} Nxd5 {[%clk 01:29:14]} {[%emt 00:00:41]} 13. Bxd5 {[%clk 01:26:14]}
{[%emt 00:00:38]} Qxh4 {[%clk 01:29:17]} {[%emt 00:00:27]} 14. Nxh4 {[%clk
01:26:33]} {[%emt 00:00:12]} Be6 {[%clk 01:29:24]} {[%emt 00:00:21]} 15. a4
{[%emt 00:03:53]} Na5 {[%clk 01:29:14]} {[%emt 00:00:34]} 16. b4 {[%clk
01:22:57]} {[%emt 00:00:52]} Nc6 {[%clk 01:29:09]} {[%emt 00:00:32]} 17. c3
{[%clk 01:22:21]} {[%emt 00:01:08]} Ne7 {[%clk 01:29:14]} {[%emt 00:00:21]} 18.
Bxb7 {[%clk 01:22:26]} {[%emt 00:00:27]} Rb8 {[%clk 01:28:58]} {[%emt
00:00:45]} 19. Bd5 {[%clk 01:22:21]} {[%emt 00:00:37]} c6 {[%clk 01:29:03]}
{[%emt 00:00:23]} 20. Bxe6 {[%clk 01:22:36]} {[%emt 00:00:15]} fxe6 {[%clk
01:29:13]} {[%emt 00:00:17]} 21. Rab1 {[%clk 01:22:13]} {[%emt 00:00:56]} Rf8
{[%emt 00:00:53]} 22. c4 {[%clk 01:19:32]} {[%emt 00:03:06]} Ng6 {[%clk
01:28:48]} {[%emt 00:00:36]} 23. Nxg6 {[%clk 01:19:40]} {[%emt 00:00:23]} hxg6
{[%clk 01:28:54]} {[%emt 00:00:25]} 24. b5 {[%clk 01:19:00]} {[%emt 00:01:10]}
c5 {[%clk 01:28:52]} {[%emt 00:00:30]} 25. a5 {[%clk 01:14:33]} {[%emt
00:04:58]} Rbd8 {[%clk 01:28:41]} {[%emt 00:00:40]} 26. b6 {[%clk 01:12:35]}
{[%emt 00:02:30]} axb6 {[%clk 01:28:56]} {[%emt 00:00:15]} 27. Rxb6 {[%clk
01:12:09]} {[%emt 00:00:57]} Rb8 {[%clk 01:29:04]} {[%emt 00:00:19]} 28. Rxf8+
{[%clk 01:12:00]} {[%emt 00:00:40]} Rxf8 {[%clk 01:29:03]} {[%emt 00:00:32]}
29. a6 {[%clk 01:11:57]} {[%emt 00:00:33]} Ra8 {[%clk 01:28:55]} {[%emt
00:00:18]} 30. Rxd6 {[%clk 01:12:05]} {[%emt 00:00:43]} Re8 {[%clk 01:29:05]}
{[%emt 00:00:17]} 31. a7 {[%clk 01:11:52]} {[%emt 00:00:45]} Ra8 {[%clk
01:29:21]} {[%emt 00:00:13]} 32. Rd7 {[%clk 01:11:34]} {[%emt 00:00:49]} Rc8
{[%clk 01:29:21]} {[%emt 00:00:25]} 33. Rb7 {[%clk 01:10:13]} {[%emt 00:01:56]}
Kh7 {[%clk 01:29:23]} {[%emt 00:00:26]} 34. Rb8 {[%clk 01:10:21]} {[%emt
00:00:24]} Rxb8 {[%clk 01:29:06]} {[%emt 00:00:46]} 35. axb8=Q {[%clk
01:09:37]} {[%emt 00:00:10]} Kh6 {[%clk 01:29:17]} {[%emt 00:01:19]} 36. g3
{[%clk 01:09:24]} {[%emt 00:00:47]} Kg5 {[%clk 01:29:17]} {[%emt 00:00:20]} 37.
Qd8+ {[%clk 01:09:49]} {[%emt 00:00:15]} Kh6 {[%clk 01:29:08]} {[%emt
00:00:29]} 38. Qh4# {[%emt 00:02:01]} 1-0

[Event "DVM U16w 2023"]
[Site "Magdeburg GER"]
[Date "2023.12.27"]
[Round "1"]
[White "Prokscha, Charlotte"]
[Black "Anaparthi, Aditi"]
[Result "1-0"]
[Termination "normal"]
[Board "10.1"]
[WhiteElo "1341"]
[BlackElo "1163"]
[WhiteClock "00:19:56"]
[BlackClock "00:13:49"]
[WhiteTeam "SC Garching 1980"]
[BlackTeam "SC Garching 1980 2"]
[PlyCount "91"]
[WhiteFideId "34614699"]
[BlackFideId "34620389"]
[EventCountry "GER"]
[EventRounds "7"]
[EventType "team-swiss"]
[EventDate "2023.12.26"]

1. d4 {[%clk 01:30:51]} {[%emt 00:00:09]} d5 {[%clk 01:30:41]} {[%emt
00:00:19]} 2. Bf4 {[%clk 01:31:14]} {[%emt 00:00:06]} Bf5 {[%clk 01:30:59]}
{[%emt 00:00:12]} 3. e3 {[%clk 01:31:34]} {[%emt 00:00:12]} e6 {[%clk
01:31:15]} {[%emt 00:00:12]} 4. Nf3 {[%clk 01:31:56]} {[%emt 00:00:07]} Nf6
{[%clk 01:30:25]} {[%emt 00:01:19]} 5. Nbd2 {[%clk 01:31:59]} {[%emt 00:00:29]}
Nbd7 {[%clk 01:28:21]} {[%emt 00:02:33]} 6. c3 {[%clk 01:31:22]} {[%emt
00:01:08]} Be7 {[%clk 01:19:32]} {[%emt 00:09:17]} 7. Be2 {[%clk 01:27:59]}
{[%emt 00:03:53]} c5 {[%clk 01:16:19]} {[%emt 00:03:44]} 8. O-O {[%clk
01:18:22]} {[%emt 00:10:07]} O-O {[%clk 01:14:42]} {[%emt 00:02:08]} 9. Ne5
{[%clk 01:15:50]} {[%emt 00:03:01]} Ne4 {[%clk 01:05:14]} {[%emt 00:09:57]} 10.
Nxe4 {[%clk 01:04:32]} {[%emt 00:11:48]} Bxe4 {[%clk 01:02:43]} {[%emt
00:03:01]} 11. Bd3 {[%clk 01:02:50]} {[%emt 00:02:13]} Bxd3 {[%clk 00:56:50]}
{[%emt 00:06:23]} 12. Qxd3 {[%clk 00:57:47]} {[%emt 00:05:34]} Nxe5 {[%clk
00:52:21]} {[%emt 00:04:59]} 13. Bxe5 {[%clk 00:57:40]} {[%emt 00:00:37]} Rc8
{[%clk 00:51:19]} {[%emt 00:01:32]} 14. Bg3 {[%clk 00:55:59]} {[%emt 00:02:11]}
Bd6 {[%clk 00:46:32]} {[%emt 00:05:17]} 15. Bxd6 {[%clk 00:53:43]} {[%emt
00:02:45]} Qxd6 {[%clk 00:46:15]} {[%emt 00:00:47]} 16. Qb5 {[%clk 00:53:39]}
{[%emt 00:00:33]} b6 {[%clk 00:43:56]} {[%emt 00:02:51]} 17. Rfe1 {[%clk
00:50:47]} {[%emt 00:03:20]} Rfe8 {[%clk 00:42:15]} {[%emt 00:02:13]} 18. Qa4
{[%clk 00:50:15]} {[%emt 00:00:58]} Qc7 {[%clk 00:36:03]} {[%emt 00:06:45]} 19.
Rac1 {[%clk 00:48:16]} {[%emt 00:02:30]} Qb7 {[%clk 00:31:46]} {[%emt
00:04:47]} 20. dxc5 {[%clk 00:45:17]} {[%emt 00:03:29]} bxc5 {[%clk 00:30:52]}
{[%emt 00:01:23]} 21. b3 {[%clk 00:44:47]} {[%emt 00:01:00]} Red8 {[%clk
00:30:42]} {[%emt 00:00:40]} 22. Rcd1 {[%clk 00:41:22]} {[%emt 00:03:56]} Rd6
{[%clk 00:29:14]} {[%emt 00:01:58]} 23. Qg4 {[%clk 00:39:20]} {[%emt 00:02:27]}
e5 {[%clk 00:28:45]} {[%emt 00:01:03]} 24. c4 {[%clk 00:32:44]} {[%emt
00:07:07]} Rg6 {[%clk 00:28:34]} {[%emt 00:00:42]} 25. Qf3 {[%clk 00:32:41]}
{[%emt 00:00:26]} e4 {[%clk 00:24:54]} {[%emt 00:04:17]} 26. Qf5 {[%clk
00:31:30]} {[%emt 00:01:31]} dxc4 {[%clk 00:22:16]} {[%emt 00:03:15]} 27. Rd7
{[%clk 00:27:45]} {[%emt 00:04:14]} Rf6 {[%clk 00:20:43]} {[%emt 00:02:07]} 28.
Rxb7 {[%clk 00:27:48]} {[%emt 00:00:27]} Rxf5 {[%clk 00:20:56]} {[%emt
00:00:17]} 29. bxc4 {[%clk 00:28:08]} {[%emt 00:00:11]} Ra8 {[%clk 00:20:43]}
{[%emt 00:00:41]} 30. Reb1 {[%clk 00:27:56]} {[%emt 00:00:42]} Re5 {[%clk
00:20:20]} {[%emt 00:00:52]} 31. Rb8+ {[%clk 00:28:15]} {[%emt 00:00:11]} Re8
{[%clk 00:20:34]} {[%emt 00:00:16]} 32. Rxe8+ {[%clk 00:28:25]} {[%emt
00:00:20]} Rxe8 {[%clk 00:20:50]} {[%emt 00:00:14]} 33. Rb7 {[%clk 00:28:49]}
{[%emt 00:00:05]} h6 {[%clk 00:19:57]} {[%emt 00:01:24]} 34. g3 {[%clk
00:28:41]} {[%emt 00:00:39]} Rd8 {[%clk 00:19:24]} {[%emt 00:01:02]} 35. Rxa7
{[%clk 00:28:13]} {[%emt 00:00:59]} Rd1+ {[%clk 00:19:46]} {[%emt 00:00:07]}
36. Kg2 {[%clk 00:28:35]} {[%emt 00:00:09]} Rc1 {[%clk 00:19:56]} {[%emt
00:00:21]} 37. Ra4 {[%clk 00:28:23]} {[%emt 00:00:42]} Kf8 {[%clk 00:19:57]}
{[%emt 00:00:28]} 38. f4 {[%clk 00:27:19]} {[%emt 00:01:34]} Ke7 {[%clk
00:18:50]} {[%emt 00:01:38]} 39. g4 {[%clk 00:24:09]} {[%emt 00:03:40]} Kf6
{[%clk 00:18:46]} {[%emt 00:00:33]} 40. h4 {[%clk 00:23:35]} {[%emt 00:01:05]}
Ke6 {[%clk 00:14:53]} {[%emt 00:04:23]} 41. Ra6+ {[%clk 00:22:48]} {[%emt
00:01:16]} Ke7 {[%clk 00:15:15]} {[%emt 00:00:07]} 42. Ra7+ {[%clk 00:23:07]}
{[%emt 00:00:10]} Ke6 {[%clk 00:15:40]} {[%emt 00:00:07]} 43. f5+ {[%clk
00:21:21]} {[%emt 00:02:16]} Kf6 {[%clk 00:15:28]} {[%emt 00:00:41]} 44. Rc7
{[%clk 00:20:56]} {[%emt 00:00:55]} Rxc4 {[%clk 00:14:44]} {[%emt 00:01:15]}
45. a4 {[%clk 00:19:52]} {[%emt 00:01:34]} Rxa4 {[%clk 00:13:49]} {[%emt
00:01:24]} 46. Rxc5 {[%clk 00:19:56]} {[%emt 00:00:26]} *

[Event "DVM U16w 2023"]
[Site "Magdeburg GER"]
[Date "2023.12.27"]
[Round "1"]
[White "Piffczyk, Claudia"]
[Black "Muhina, Alina"]
[Result "0-1"]
[Termination "normal"]
[Board "10.4"]
[WhiteElo "911"]
[BlackElo "1210"]
[WhiteClock "00:42:45"]
[BlackClock "01:15:35"]
[WhiteTeam "SC Garching 1980 2"]
[BlackTeam "SC Garching 1980"]
[PlyCount "56"]
[WhiteFideId "34639829"]
[BlackFideId "16298322"]
[EventCountry "GER"]
[EventRounds "7"]
[EventType "team-swiss"]
[EventDate "2023.12.26"]

1. e4 {[%clk 01:30:57]} {[%emt 00:00:06]} c6 {[%clk 01:31:25]} {[%emt
00:00:04]} 2. d4 {[%clk 01:31:07]} {[%emt 00:00:19]} d5 {[%clk 01:31:51]}
{[%emt 00:00:04]} 3. e5 {[%clk 01:31:07]} {[%emt 00:00:30]} Bf5 {[%clk
01:32:15]} {[%emt 00:00:06]} 4. Nf3 {[%clk 01:29:57]} {[%emt 00:01:40]} e6
{[%clk 01:32:23]} {[%emt 00:00:22]} 5. Nc3 {[%clk 01:25:57]} {[%emt 00:04:30]}
c5 {[%clk 01:27:00]} {[%emt 00:05:53]} 6. Bb5+ {[%clk 01:18:36]} {[%emt
00:07:49]} Nc6 {[%clk 01:27:18]} {[%emt 00:00:14]} 7. O-O {[%clk 01:17:57]}
{[%emt 00:01:08]} Qb6 {[%clk 01:24:11]} {[%emt 00:03:36]} 8. Be3 {[%clk
01:12:30]} {[%emt 00:05:57]} Nh6 {[%clk 01:22:49]} {[%emt 00:01:53]} 9. Qe2
{[%clk 01:07:45]} {[%emt 00:05:14]} Ng4 {[%clk 01:21:40]} {[%emt 00:01:39]} 10.
Rad1 {[%clk 01:04:25]} {[%emt 00:03:50]} Nxe3 {[%clk 01:21:39]} {[%emt
00:00:31]} 11. Qxe3 {[%clk 01:03:04]} {[%emt 00:01:52]} Bxc2 {[%clk 01:21:25]}
{[%emt 00:00:44]} 12. Rc1 {[%clk 00:59:36]} {[%emt 00:03:57]} Bf5 {[%clk
01:20:22]} {[%emt 00:01:33]} 13. a3 {[%clk 00:53:18]} {[%emt 00:06:49]} cxd4
{[%clk 01:17:03]} {[%emt 00:03:50]} 14. Nxd4 {[%clk 00:52:19]} {[%emt
00:01:29]} Bc5 {[%clk 01:16:37]} {[%emt 00:00:55]} 15. Rfd1 {[%clk 00:51:38]}
{[%emt 00:01:11]} O-O {[%clk 01:16:23]} {[%emt 00:00:44]} 16. Nce2 {[%clk
00:50:57]} {[%emt 00:01:11]} Nxd4 {[%clk 01:14:37]} {[%emt 00:02:16]} 17. Nxd4
{[%clk 00:46:51]} {[%emt 00:04:35]} Bxd4 {[%clk 01:14:51]} {[%emt 00:00:16]}
18. Qxd4 {[%clk 00:43:48]} {[%emt 00:03:33]} Qxb5 {[%clk 01:15:13]} {[%emt
00:00:09]} 19. Qh4 {[%clk 00:43:26]} {[%emt 00:00:52]} Qxb2 {[%clk 01:15:03]}
{[%emt 00:00:39]} 20. Rb1 {[%clk 00:43:25]} {[%emt 00:00:31]} Bxb1 {[%clk
01:15:25]} {[%emt 00:00:09]} 21. h3 {[%clk 00:43:25]} {[%emt 00:00:29]} Rac8
{[%clk 01:15:35]} {[%emt 00:00:20]} 22. Qg5 {[%clk 00:43:17]} {[%emt 00:00:37]}
Rc2 {[%clk 01:14:45]} {[%emt 00:01:22]} 23. Rf1 {[%clk 00:42:04]} {[%emt
00:01:43]} Rfc8 {[%clk 01:14:37]} {[%emt 00:00:38]} 24. g3 {[%clk 00:41:44]}
{[%emt 00:00:49]} Rc1 {[%clk 01:14:57]} {[%emt 00:00:11]} 25. Kg2 {[%clk
00:41:54]} {[%emt 00:00:20]} Rxf1 {[%clk 01:15:08]} {[%emt 00:00:19]} 26. Kxf1
{[%clk 00:42:14]} {[%emt 00:00:10]} Rc1+ {[%clk 01:15:26]} {[%emt 00:00:13]}
27. Kg2 {[%clk 00:42:31]} {[%emt 00:00:12]} Be4+ {[%clk 01:15:39]} {[%emt
00:00:17]} 28. Kh2 {[%clk 00:42:45]} {[%emt 00:00:15]} Qxf2# {[%clk 01:15:35]}
{[%emt 00:00:04]} 0-1

[Event "DVM U16w 2023"]
[Site "Magdeburg GER"]
[Date "2023.12.27"]
[Round "2"]
[White "Nguyen, Jenny Ha-Linh"]
[Black "Glowiak, Alexandra"]
[Result "1/2-1/2"]
[Termination "normal"]
[Board "1.1"]
[WhiteElo "1639"]
[BlackElo "1730"]
[WhiteClock "00:12:02"]
[BlackClock "00:08:10"]
[WhiteTeam "SG Leipzig"]
[BlackTeam "Chemnitzer SC Aufbau95"]
[PlyCount "64"]
[WhiteFideId "16209729"]
[BlackFideId "16259530"]
[EventCountry "GER"]
[EventRounds "7"]
[EventType "team-swiss"]
[EventDate "2023.12.26"]

1. e4 {[%clk 01:30:58]} {[%emt 00:00:02]} e5 {[%clk 01:30:54]} {[%emt
00:00:06]} 2. Nf3 {[%clk 01:31:22]} {[%emt 00:00:06]} Nc6 {[%clk 01:31:19]}
{[%emt 00:00:05]} 3. Bc4 {[%clk 01:31:46]} {[%emt 00:00:06]} Bc5 {[%clk
01:31:43]} {[%emt 00:00:07]} 4. d3 {[%clk 01:32:05]} {[%emt 00:00:11]} Nf6
{[%clk 01:31:35]} {[%emt 00:00:37]} 5. O-O {[%clk 01:32:06]} {[%emt 00:00:28]}
d6 {[%clk 01:29:57]} {[%emt 00:02:09]} 6. c3 {[%clk 01:31:55]} {[%emt
00:00:41]} a6 {[%clk 01:28:41]} {[%emt 00:01:46]} 7. Bb3 {[%clk 01:30:17]}
{[%emt 00:02:08]} Ba7 {[%clk 01:27:26]} {[%emt 00:01:45]} 8. Re1 {[%clk
01:28:12]} {[%emt 00:02:35]} O-O {[%clk 01:20:03]} {[%emt 00:07:53]} 9. Nbd2
{[%clk 01:25:01]} {[%emt 00:03:42]} Na5 {[%clk 01:13:01]} {[%emt 00:07:31]} 10.
Bc2 {[%clk 01:20:56]} {[%emt 00:04:35]} c5 {[%clk 01:08:00]} {[%emt 00:05:32]}
11. Nb3 {[%clk 01:08:52]} {[%emt 00:12:33]} Nc6 {[%clk 01:01:35]} {[%emt
00:06:54]} 12. h3 {[%clk 01:06:51]} {[%emt 00:02:32]} h6 {[%clk 00:57:50]}
{[%emt 00:04:16]} 13. Be3 {[%clk 01:05:08]} {[%emt 00:02:12]} b5 {[%clk
00:47:49]} {[%emt 00:10:31]} 14. d4 {[%clk 01:01:39]} {[%emt 00:03:59]} c4
{[%clk 00:46:10]} {[%emt 00:02:09]} 15. Nbd2 {[%clk 01:01:59]} {[%emt
00:00:10]} Bb7 {[%clk 00:37:54]} {[%emt 00:08:45]} 16. Nf1 {[%clk 00:58:03]}
{[%emt 00:04:26]} Re8 {[%clk 00:20:45]} {[%emt 00:17:40]} 17. Ng3 {[%clk
00:57:13]} {[%emt 00:01:20]} exd4 {[%clk 00:19:56]} {[%emt 00:01:19]} 18. Nxd4
{[%clk 00:56:50]} {[%emt 00:00:53]} d5 {[%clk 00:18:19]} {[%emt 00:02:06]} 19.
Nxc6 {[%clk 00:41:53]} {[%emt 00:15:27]} Bxc6 {[%clk 00:18:48]} {[%emt
00:00:02]} 20. Bxa7 {[%clk 00:40:33]} {[%emt 00:01:50]} Rxa7 {[%clk 00:19:10]}
{[%emt 00:00:08]} 21. exd5 {[%clk 00:39:20]} {[%emt 00:01:44]} Rxe1+ {[%clk
00:18:57]} {[%emt 00:00:42]} 22. Qxe1 {[%clk 00:39:39]} {[%emt 00:00:11]} Qxd5
{[%clk 00:19:14]} {[%emt 00:00:12]} 23. f3 {[%clk 00:37:40]} {[%emt 00:02:29]}
Qc5+ {[%clk 00:19:20]} {[%emt 00:00:24]} 24. Qf2 {[%clk 00:35:04]} {[%emt
00:03:07]} Qxf2+ {[%clk 00:19:28]} {[%emt 00:00:22]} 25. Kxf2 {[%clk 00:35:29]}
{[%emt 00:00:05]} Rd7 {[%clk 00:17:59]} {[%emt 00:01:57]} 26. Rd1 {[%clk
00:28:54]} {[%emt 00:07:07]} Rxd1 {[%clk 00:18:12]} {[%emt 00:00:18]} 27. Bxd1
{[%clk 00:29:16]} {[%emt 00:00:08]} g6 {[%clk 00:17:29]} {[%emt 00:01:12]} 28.
Ne2 {[%clk 00:24:10]} {[%emt 00:05:35]} Kf8 {[%clk 00:16:32]} {[%emt 00:01:28]}
29. Ke3 {[%clk 00:21:29]} {[%emt 00:02:53]} Ke7 {[%clk 00:16:09]} {[%emt
00:00:52]} 30. Bc2 {[%clk 00:19:14]} {[%emt 00:02:44]} Kd6 {[%clk 00:15:16]}
{[%emt 00:01:23]} 31. Kd4 {[%clk 00:17:58]} {[%emt 00:01:47]} Nd7 {[%clk
00:08:10]} {[%emt 00:07:36]} 32. Ng3 {[%clk 00:12:02]} {[%emt 00:06:25]} Kd5+
{[%emt 00:07:36]} 1/2-1/2